00345nam a22001337a 4500020001800000082001500018100001500033245006200048250001700110260003000127300001200157650002000169700002200189 a81-85240-11-6 a620.106GAR aGarde, R J aEngineering Fluid Mechanics: including hydraulic machines a2nd edition. aIndia:bNew Chand,c1988. a732p. ; aFluid Mechanics aMirajgaoker, A G